Cyclisme : Filippo Ganna Victoires WT - Statistiques

Statistiques générales
  • Ce quiz a été pris 21 fois
    16 depuis la dernière actualisation
  • Le résultat moyen est 15 sur 18
Statistiques - réponses
Années Équipe Indice Réponse % Correct
2026 INEOS Grenadiers Classique Dwars door Vlaanderen
94%
2023 INEOS Grenadiers Contre-la-montre Tour d'Espagne
94%
2025 INEOS Grenadiers Contre-la-montre Tour d'Espagne
94%
2020 INEOS Grenadiers Contre-la-montre Tour d'Italie
94%
2020 INEOS Grenadiers Étape Tour d'Italie
94%
2020 INEOS Grenadiers Contre-la-montre Tour d'Italie
94%
2020 INEOS Grenadiers Contre-la-montre Tour d'Italie
94%
2021 INEOS Grenadiers Contre-la-montre Tour d'Italie
94%
2021 INEOS Grenadiers Contre-la-montre Tour d'Italie
94%
2024 INEOS Grenadiers Contre-la-montre Tour d'Italie
94%
2020 INEOS Grenadiers Contre-la-montre Tirreno-Adriatico
81%
2022 INEOS Grenadiers Contre-la-montre Tirreno-Adriatico
81%
2023 INEOS Grenadiers Contre-la-montre Tirreno-Adriatico
81%
2025 INEOS Grenadiers Contre-la-montre Tirreno-Adriatico
81%
2026 INEOS Grenadiers Contre-la-montre Tirreno-Adriatico
81%
2022 INEOS Grenadiers Contre-la-montre Critérium du Dauphiné
69%
2019 Team INEOS Contre-la-montre BinckBank Tour
44%
2021 INEOS Grenadiers Contre-la-montre UAE Tour
38%
Aucun quiz correspondant
Distribution des résultats
% des personnes avec chaque résultat
Percentile par nombre de réponses
Votre historique - résultats
Vous n’avez pas pris ce quiz depuis la dernière actualisation